|
|
|
|
| LEADER |
00000nam a2200000 i 4500 |
| 005 |
20111110112559.0 |
| 007 |
cr|||| |||| |
| 008 |
081008s2008 sp 000 0 spa d |
| 017 |
|
|
|a D.L.AB267-2008
|
| 020 |
|
|
|a 9788496721555
|
| 035 |
|
|
|a 5881
|
| 040 |
|
|
|a BUS
|d vLex
|
| 080 |
|
|
|a 342.726-054.6(460)
|
| 090 |
|
|
|c 2755
|d 2755
|
| 245 |
0 |
0 |
|a Tratamiento jurd̕ico de la inmigracin̤
|h [Recurso electrn̤ico] /
|c coordinadores, Jaime Cabeza Pereiro, Natividad Mendoza Navas ; autores, Jaime Cabeza Pereiro...[et al]
|
| 256 |
|
|
|a Servicio en ln̕ea
|
| 260 |
|
|
|a Albacete :
|b Bomarzo ,
|c 2008.
|
| 300 |
|
|
|a 1 recurso electrn̤ico
|
| 506 |
1 |
|
|a Contenido solo disponible en los productos indicados
|d vLex Global
|d vLex Global (Academic Edition, excluding Law Schools)
|d vLex Global (U.S. Academic Edition, Law Schools)
|d vLex Global (U.S. Academic Edition, excluding Law Schools)
|d vLex Global (Academic Edition, Law Schools)
|
| 650 |
0 |
4 |
|a Extranjeros
|x Derecho
|z Espaą
|
| 650 |
0 |
4 |
|a Emigracin̤ e inmigracin̤
|x Derecho
|z Espaą
|
| 700 |
1 |
|
|a Mendoza Navas, Natividad,
|e coord.
|
| 700 |
1 |
|
|a Cabeza Pereiro, Jaime,
|e coord.
|
| 740 |
0 |
|
|a vLex Libros (Servicio en ln̕ea)
|
| 856 |
4 |
0 |
|u http://vlex.com/source/tratamiento-juridico-inmigracion-5881
|z Acceso restringido
|
| 942 |
|
|
|c BOOK
|